LEADER 01176nam a2200277 i 4500 001 000000160670 003 CaOOAMICUS 005 20070405000000.0 008 070405s2007 it u000 u ita u 013 $a138033 020 $a88-394-0732-0 040 $aSeMil$bita 100 1 $aHurtado, Larry W.,$d<1943- >.$0(OLS)http://semarc/name/8004 245 10$a2. 260 $aBrescia :$bPaideia,$c2007. 300 $aP. 362-753 ;$c23 cm. 490 0 $aIntroduzione allo studio della Bibbia. Supplementi ;$v33 500 $aContiene : Opere citate (p. 647-713). 773 0 $aHurtado, Larry W. <1943- >$tSignore Gesł Cristo.$dBrescia : Paideia, 2006-2007.$kIntroduzione allo studio della Bibbia. Supplementi$g2$w()17563 830 0$aIntroduzione allo studio della Bibbia. Supplementi ;$v33.$0(OLS)http://semarc/title/5853 850 $aSeMil 852 $aSeMil$W1$xVenegono$y1$m2WA J 33$j251266$B112124$CSeMilBibl$Z2$F122174 $81 961 $aSottoscrizione: Cittą Nuova (Agente) 996 $6020$a88-394-0732-0$9(OLS)http://semarc/number/76561 996 $6245$a2$9(OLS)http://semarc/title/46889 996 $6260$aBrescia :$bPaideia$9(OLS)http://semarc/publisher/29614 LEADER 00722nam a2200193 i 4500 001 000000213370 003 CaOOAMICUS 005 20120521000000.0 008 120521s1822 it u000 u mul u 013 $a192225 026 $ae.e. *.er i.iu VoAc (3) 1822 (R) 040 $aSeMil$bita 245 10$a[1]. 300 $a[2], 142, [2] p. 650 4$aLingua greca - Grammatica, sintassi etc.$0(OLS)http://semarc/subject/710 773 0 $tGrammatica greca elementare ad uso delle classi 3. e 4. del corso ginnasiale.$dMilano : Imp. Regia Stamperia, 1822.$g1$w()26764 850 $aSeMil 852 $aSeMil$W1$xVenegono$y1$m1Z III 78 FA$j163800$B163800$CSeMilBibl$Z2$F174859 $8I 996 $6245$a[1]$9(OLS)http://semarc/title/16462 LEADER 01152nam a2200265 i 4500 001 000000068728 003 CaOOAMICUS 005 20100806000000.0 008 100806s1921 it u000 u ita u 013 $a39900 040 $aSeMil$bita 100 1 $aSpencer, Herbert,$d<1820-1903>.$0(OLS)http://semarc/name/30593 245 12$aI primi principii /$cHerbert Spencer. 250 $a3. ed. italiana sulla 6. ed. inglese. 260 $aTorino [etc.] :$bFratelli Bocca,$c1921$e(Sancasciano Pesa :$fTip. F.lli Stianti,$g1921) 300 $aXVI, 438 p. ;$c25 cm. 490 0 $aBiblioteca di scienze moderne ;$v10. 650 4$aFilosofia.$0(OLS)http://semarc/subject/212 650 4$aEvoluzione - Filosofia.$0(OLS)http://semarc/subject/13345 700 1 $aSalvadori, Guglielmo.$0(OLS)http://semarc/name/31316 830 0$aBiblioteca di scienze moderne ;$v10.$0(OLS)http://semarc/title/18414 850 $aSeMil 852 $aSeMil$W1$xVenegono$y1$m2O IV 19$j34881$B34881$CSeMilBibl$Z2$F34884 $81 996 $6245$aI primi principii$9(OLS)http://semarc/title/109857 996 $6260$aTorino [etc.] :$bFratelli Bocca$9(OLS)http://semarc/publisher/36485